000 00279nam a2200109Ia 4500
008 220204s9999 xx 000 0 und d
082 _a5.001.5
_bFOW
100 _aFowles, Robert B
245 0 _aHandbook of futures research
260 _aConnecticut
_bGreenwood
_c1978
942 _cBK
999 _c34728
_d34728